| 000 | 00508nam a2200157 i 4500 | ||
|---|---|---|---|
| 001 | 60217 | ||
| 003 | ES-MaACL | ||
| 007 | t| | ||
| 008 | 031103s1954 sp ||||1| spa d | ||
| 100 | 1 |
_aEscribano, Eugenio. _947629 |
|
| 245 | 1 | 0 |
_aDiálogos sobre la Vida Eterna / _cpor Eugenio Escribano ; revisados y sacados a la luz de nuevo por Veremundo Pardo. |
| 260 |
_aMadrid : _bFax, _c[1954] ( _fHalar) |
||
| 300 |
_a427 p. ; _c16 cm. |
||
| 700 | 1 |
_aPardo, Veremundo. _988984 |
|
| 852 |
_aES-MaACL _jC-8548 _bR.36547 |
||
| 999 |
_c60217 _d60217 |
||